<?xml version="1.0" encoding="UTF-8"?>
<collection xmlns="http://www.loc.gov/MARC21/slim">
 <record>
  <leader>00590pamaa2200157   4500</leader>
  <controlfield tag="001">0000018316</controlfield>
  <controlfield tag="005">20110810090000.0</controlfield>
  <controlfield tag="008">110810                             eng  </controlfield>
  <datafield tag="090" ind1="0" ind2="0">
   <subfield code="a">LA1238 </subfield>
   <subfield code="b">EDU 2004</subfield>
  </datafield>
  <datafield tag="110" ind1="1" ind2="0">
   <subfield code="a">Challenger Concepts</subfield>
  </datafield>
  <datafield tag="245" ind1="1" ind2="0">
   <subfield code="a">Education guide Malaysia : </subfield>
   <subfield code="b">your One-stop resource guide to Malaysian Higher Education  </subfield>
   <subfield code="c">Challenger Concepts.</subfield>
  </datafield>
  <datafield tag="250" ind1="0" ind2="0">
   <subfield code="a">4th ed.</subfield>
  </datafield>
  <datafield tag="260" ind1="0" ind2="0">
   <subfield code="a">Petaling Jaya, Selangor: </subfield>
   <subfield code="b">Challenger Concepts sdn. Bhd., </subfield>
   <subfield code="c">2004.</subfield>
  </datafield>
  <datafield tag="300" ind1=" " ind2=" ">
   <subfield code="a">542p: </subfield>
   <subfield code="b">ill.; </subfield>
   <subfield code="c">28 cm.</subfield>
  </datafield>
  <datafield tag="650" ind1="0" ind2="0">
   <subfield code="a">Education, Higher -- </subfield>
   <subfield code="x">Handbooks, manuals, etc -- </subfield>
   <subfield code="z">Malaysia </subfield>
  </datafield>
  <datafield tag="901" ind1=" " ind2=" ">
   <subfield code="u">www.studymalaysia.com</subfield>
  </datafield>
 </record>
</collection>
